[Event "FIDE World Rapid Team"]
[Site "London ENG"]
[Date "2025.06.12"]
[Round "8.2"]
[White "Eljanov, Pavel"]
[Black "Steinberg, Nitzan"]
[Result "0-1"]
[WhiteTitle "GM"]
[BlackTitle "GM"]
[WhiteElo "2669"]
[BlackElo "2554"]
[WhiteTeam "Ashdod Elit Chess Club"]
[BlackTeam "Rishon LeZion Chess Club"]
[WhiteFideId "14102951"]
[BlackFideId "2801795"]
[EventDate "2025.06.11"]
[EventType "team"]

1. d4 d5 2. Nf3 Nf6 3. Bf4 e6 4. e3 Bd6 5. Nbd2 O-O 6. c3 c5 7. Bd3 Qc7 8. Bxd6
Qxd6 9. Ne5 Nfd7 10. f4 f5 11. Qe2 c4 12. Bc2 Nxe5 13. dxe5 Qe7 14. Nf3 b5 15.
a3 Nc6 16. Rg1 a5 17. g4 Ra7 18. gxf5 exf5 19. Rg5 b4 20. Qg2 Rf7 21. Kd2 bxc3+
22. bxc3 Rb7 23. Nh4 Qf8 24. Qh3 Be6 25. Bxf5 Rxf5 26. Nxf5 Kh8 27. Qh5 Qb8 28.
Nd6 Rb2+ 29. Ke1 g6 30. Qh6 Ne7 31. Kf1 d4 32. cxd4 c3 33. Rg2 Rxg2 34. Kxg2
Qb2+ 35. Kg3 Qxa1 36. Qf8+ Ng8 37. f5 gxf5 38. d5 Qg1+ 0-1

[Event "FIDE World Rapid Team"]
[Site "London ENG"]
[Date "2025.06.12"]
[Round "8.3"]
[White "Sokolovsky, Yahli"]
[Black "Gledura, Benjamin"]
[Result "0-1"]
[WhiteTitle "GM"]
[BlackTitle "GM"]
[WhiteElo "2542"]
[BlackElo "2668"]
[WhiteTeam "Rishon LeZion Chess Club"]
[BlackTeam "Ashdod Elit Chess Club"]
[WhiteFideId "2820242"]
[BlackFideId "712779"]
[EventDate "2025.06.11"]
[EventType "team"]

1. e4 c5 2. Nf3 e6 3. d4 cxd4 4. Nxd4 Nc6 5. Nc3 Qc7 6. Be2 a6 7. O-O Nf6 8. Be3
Be7 9. f4 d6 10. a4 O-O 11. Kh1 Nxd4 12. Qxd4 Bd7 13. a5 Rac8 14. e5 Ne8 15. Qd3
Bc6 16. Bb6 Qb8 17. Qe3 g6 18. Bd3 Ng7 19. Rae1 f5 20. Bd4 Qc7 21. exd6 Bxd6 22.
Be5 Bxe5 23. Qxe5 Rfd8 24. Qxc7 Rxc7 25. Re5 Kf7 26. Kg1 Rd4 27. g3 Nh5 28. Rfe1
Bd7 29. Ne2 Rd6 30. h3 Nf6 31. Nc3 Bc6 32. Kf2 Nd7 33. R5e3 Nc5 34. Bf1 Rd4 35.
Bg2 Bxg2 36. Kxg2 Rc6 37. R1e2 Kf6 38. Kf3 h6 39. h4 Rb4 40. Rxe6+ Nxe6 41. Nd5+
Kf7 42. Nxb4 Nd4+ 43. Kf2 Rc4 44. Rd2 Rxb4 45. c3 Nb3 46. Rd7+ Ke6 47. Rg7 Kf6
48. Rh7 Rb5 49. h5 gxh5 50. Rxh6+ Kg7 51. Rxh5 Nxa5 52. b4 Nc4 53. Ke2 Nd6 54.
Kd3 Rd5+ 55. Kc2 Ne4 56. Rh2 b5 57. Rg2 Kf6 58. Rh2 Rd6 59. Rg2 Rc6 0-1

[Event "FIDE World Rapid Team"]
[Site "London ENG"]
[Date "2025.06.12"]
[Round "8.4"]
[White "Volokitin, Andrei"]
[Black "Bronstein, Or"]
[Result "1/2-1/2"]
[WhiteTitle "GM"]
[BlackTitle "IM"]
[WhiteElo "2626"]
[BlackElo "2443"]
[WhiteTeam "Ashdod Elit Chess Club"]
[BlackTeam "Rishon LeZion Chess Club"]
[WhiteFideId "14107090"]
[BlackFideId "2815770"]
[EventDate "2025.06.11"]
[EventType "team"]

1. e4 c5 2. Nf3 d6 3. d4 cxd4 4. Nxd4 Nf6 5. Nc3 a6 6. Be3 e5 7. Nb3 Be6 8. Qd2
Nbd7 9. O-O-O Be7 10. h3 b5 11. f4 b4 12. Nd5 Nxe4 13. Qxb4 Bxd5 14. Rxd5 Ng3
15. Rg1 Nxf1 16. Rxf1 O-O 17. fxe5 Nxe5 18. Kb1 Qc7 19. Qe4 Rab8 20. Bd4 Bf6 21.
Bc3 Rfe8 22. Qa4 Qb6 23. Rfd1 Qf2 24. R5d2 Qg3 25. Qxa6 d5 26. Re2 Re6 27. Qa7
Nc4 28. Qf2 Qxf2 29. Rxf2 Bxc3 30. bxc3 Re3 31. Rf5 Na3+ 32. Kc1 Re2 33. Rd2
Re1+ 34. Rd1 Re2 35. Rd2 1/2-1/2

[Event "FIDE World Rapid Team"]
[Site "London ENG"]
[Date "2025.06.12"]
[Round "8.5"]
[White "Efroimski, Marsel"]
[Black "Osmak, Yuliia"]
[Result "1/2-1/2"]
[WhiteTitle "IM"]
[BlackTitle "IM"]
[WhiteElo "2372"]
[BlackElo "2468"]
[WhiteTeam "Rishon LeZion Chess Club"]
[BlackTeam "Ashdod Elit Chess Club"]
[WhiteFideId "2810964"]
[BlackFideId "14101602"]
[EventDate "2025.06.11"]
[EventType "team"]

1. e4 e6 2. d4 d5 3. Nc3 Nf6 4. e5 Nfd7 5. Nce2 c5 6. c3 Nc6 7. Nf3 Be7 8. a3 a5
9. Nf4 a4 10. Bd3 Qb6 11. Bc2 Qa6 12. h4 Nb6 13. Nh5 Bf8 14. Ng5 cxd4 15. cxd4
h6 16. Nh7 Ne7 17. Qg4 Qc4 18. Nxf8 Rxf8 19. Qxg7 Nd7 20. Bh7 b6 21. Qg4 Rh8 22.
Qg7 Rf8 23. Qg4 Rh8 24. Qg7 Rf8 25. Qg4 1/2-1/2

[Event "FIDE World Rapid Team"]
[Site "London ENG"]
[Date "2025.06.12"]
[Round "8.6"]
[White "Sailaubay, Aldiyar"]
[Black "Raiko, Yossi"]
[Result "1/2-1/2"]
[WhiteElo "1910"]
[BlackElo "1963"]
[WhiteTeam "Ashdod Elit Chess Club"]
[BlackTeam "Rishon LeZion Chess Club"]
[WhiteFideId "13729357"]
[BlackFideId "2835711"]
[EventDate "2025.06.11"]
[EventType "team"]

1. e4 c6 2. Ne2 d5 3. e5 c5 4. d4 Nc6 5. c3 Bf5 6. Ng3 Bg6 7. h4 e6 8. h5 Bxb1
9. Rxb1 cxd4 10. cxd4 Qb6 11. Be3 Bb4+ 12. Ke2 f5 13. f4 Nh6 14. a3 Be7 15. Kf3
Ng4 16. Ne2 O-O-O 17. Nc3 g5 18. hxg6 hxg6 19. Rxh8 Rxh8 20. Bb5 g5 21. Bxc6
Qxc6 22. Rc1 Kb8 23. Bg1 gxf4 24. Qb3 Qe8 25. Ke2 Qh5 26. Kd3 Ne3 27. Bxe3 fxe3
28. Kc2 Qg6 29. Kb1 f4+ 30. Ka1 Rc8 31. Qa4 Qe8 32. Qc2 Qg8 33. Qa4 Rc6 34. Qc2
a6 35. Rf1 Qg4 36. Rf3 Bg5 37. Qe2 Qf5 38. g3 Qg4 39. gxf4 Bxf4 40. Qf1 Bg5 41.
Rf8+ Ka7 42. Qd3 Be7 43. Re8 Qg5 44. Ka2 Rc4 45. Nd1 Qh4 46. Qxe3 Qh5 47. Rxe7
Qxd1 48. Qb3 Qxb3+ 49. Kxb3 Rxd4 50. Rxe6 Re4 51. Kc3 Kb8 52. Re7 Re2 53. a4 Re4
54. b3 a5 55. Kd3 Kc8 56. e6 Kb8 57. Re8+ Ka7 58. e7 Kb6 59. Kc3 Ka7 60. Kd3 Kb6
61. Rd8 Rxe7 62. Rxd5 Rh7 63. Rb5+ Ka6 64. Rd5 Rh3+ 65. Kc4 Rh4+ 66. Rd4 Rh6 67.
Rg4 1/2-1/2

[Event "FIDE World Rapid Team"]
[Site "London ENG"]
[Date "2025.06.12"]
[Round "8.1"]
[White "Mamedyarov, Shakhriyar"]
[Black "Van Foreest, Jorden"]
[Result "1-0"]
[WhiteTitle "GM"]
[BlackTitle "GM"]
[WhiteElo "2746"]
[BlackElo "2687"]
[WhiteTeam "Generation XYZA"]
[BlackTeam "Knight Dance"]
[WhiteFideId "13401319"]
[BlackFideId "1039784"]
[EventDate "2025.06.11"]
[EventType "team"]

1. c4 e5 2. Nf3 Nc6 3. g3 d5 4. cxd5 Qxd5 5. Nc3 Qd8 6. Bg2 Nf6 7. O-O Bd6 8. d4
O-O 9. d5 Ne7 10. e4 h6 11. h3 Bd7 12. Be3 b5 13. Nd2 c5 14. dxc6 Bxc6 15. Nb3
a5 16. a4 bxa4 17. Nc5 Rb8 18. N3xa4 Rb4 19. Qc2 Qa8 20. Rfd1 Nf5 21. exf5 Bxg2
22. Rxd6 Bxh3 23. f3 Qxf3 24. Qf2 Qa8 25. Rxf6 gxf6 26. Nd7 Rd8 27. Nab6 Qc6 28.
Rc1 Qb5 29. Qd2 Kh8 30. Qd6 Qe2 31. Qxf6+ Kg8 32. Qxd8+ Kh7 33. Nf8+ Kg7 34. f6+
Kg8 35. Ng6+ Kh7 36. Qh8+ Kxg6 37. Qxh6+ Kf5 38. Qxh3+ Rg4 39. Nc4 1-0

[Event "FIDE World Rapid Team"]
[Site "London ENG"]
[Date "2025.06.12"]
[Round "8.2"]
[White "Moussard, Jules"]
[Black "Gurel, Ediz"]
[Result "1/2-1/2"]
[WhiteTitle "GM"]
[BlackTitle "GM"]
[WhiteElo "2597"]
[BlackElo "2636"]
[WhiteTeam "Knight Dance"]
[BlackTeam "Generation XYZA"]
[WhiteFideId "642908"]
[BlackFideId "44507356"]
[EventDate "2025.06.11"]
[EventType "team"]

1. c4 Nf6 2. Nc3 e5 3. Nf3 Nc6 4. g3 Bb4 5. Nd5 Bc5 6. Bg2 d6 7. O-O O-O 8. d3
Nxd5 9. cxd5 Ne7 10. d4 exd4 11. Nxd4 Ng6 12. Be3 Qf6 13. b3 Re8 14. Nc2 Bb6 15.
Bd4 Qe7 16. Bxb6 axb6 17. Nd4 Bd7 18. a4 Rac8 19. Rc1 Qf6 20. Qd2 Ne7 21. Nb5
Bxb5 22. axb5 g6 23. Rc4 Nf5 24. e4 Ng7 25. Rfc1 Re7 26. Bh3 Rce8 27. Bg2 Rc8
28. Bh3 Rce8 29. Bg2 1/2-1/2

[Event "FIDE World Rapid Team"]
[Site "London ENG"]
[Date "2025.06.12"]
[Round "8.3"]
[White "Erdogmus, Yagiz Kaan"]
[Black "Dardha, Daniel"]
[Result "1/2-1/2"]
[WhiteTitle "GM"]
[BlackTitle "GM"]
[WhiteElo "2626"]
[BlackElo "2646"]
[WhiteTeam "Generation XYZA"]
[BlackTeam "Knight Dance"]
[WhiteFideId "44599790"]
[BlackFideId "240990"]
[EventDate "2025.06.11"]
[EventType "team"]

1. Nf3 Nf6 2. b3 d5 3. Bb2 Bf5 4. e3 e6 5. Be2 h6 6. O-O Be7 7. c4 O-O 8. Nc3
Nbd7 9. d4 Ne4 10. Bd3 Nxc3 11. Bxc3 Nf6 12. a4 a5 13. Ne5 Bxd3 14. Nxd3 Nd7 15.
Qd2 c6 16. Rfb1 Bd6 17. cxd5 cxd5 18. b4 axb4 19. Bxb4 Bxb4 20. Qxb4 b6 21. Rc1
Ra7 22. Qb5 Qe8 23. Nb4 Ra5 24. Qc6 Nf6 25. Qxb6 Rxa4 26. Nc6 Qa8 1/2-1/2

[Event "FIDE World Rapid Team"]
[Site "London ENG"]
[Date "2025.06.12"]
[Round "8.4"]
[White "Maurizzi, Marc'Andria"]
[Black "Salimova, Nurgyul"]
[Result "1-0"]
[WhiteTitle "GM"]
[BlackTitle "IM"]
[WhiteElo "2607"]
[BlackElo "2385"]
[WhiteTeam "Knight Dance"]
[BlackTeam "Generation XYZA"]
[WhiteFideId "36083534"]
[BlackFideId "2915138"]
[EventDate "2025.06.11"]
[EventType "team"]

1. e4 e5 2. Nf3 Nf6 3. Nxe5 d6 4. Nf3 Nxe4 5. c4 Nc6 6. d3 Nf6 7. d4 d5 8. c5
Be7 9. Bb5 Bd7 10. O-O O-O 11. Nc3 a6 12. Bxc6 Bxc6 13. Ne5 Be8 14. Re1 b6 15.
cxb6 cxb6 16. Bg5 h6 17. Bh4 g5 18. Bg3 Ne4 19. Nxe4 dxe4 20. Rc1 Qd5 21. Rc7
Bd8 22. Ng4 Qe6 23. d5 Qg6 24. Ne5 Qf5 25. Rc2 f6 26. Nc6 Bg6 27. Rc3 Qd7 28.
Qd4 b5 29. d6 Rc8 30. Rec1 Re8 31. Nxd8 Rxc3 32. Rxc3 Rxd8 33. Qxf6 Kh7 34. h4
Rc8 35. Rxc8 Qxc8 36. Qe7+ Kg8 37. d7 1-0

[Event "FIDE World Rapid Team"]
[Site "London ENG"]
[Date "2025.06.12"]
[Round "8.5"]
[White "Kuru, Atilla"]
[Black "Roebers, Eline"]
[Result "1/2-1/2"]
[WhiteTitle "IM"]
[BlackTitle "IM"]
[WhiteElo "2428"]
[BlackElo "2356"]
[WhiteTeam "Generation XYZA"]
[BlackTeam "Knight Dance"]
[WhiteFideId "51607948"]
[BlackFideId "1058401"]
[EventDate "2025.06.11"]
[EventType "team"]

1. e4 e6 2. b3 c5 3. Bb2 Nc6 4. Nf3 Qc7 5. c4 a6 6. Nc3 Nf6 7. Bd3 Bd6 8. Ne2 b5
9. cxb5 Ne5 10. Nxe5 Bxe5 11. b6 Qb8 12. Bc3 d5 13. Bxe5 Qxe5 14. f4 Qb8 15. e5
Nd7 16. h4 h5 17. Rc1 Qxb6 18. Bb1 a5 19. d4 Ba6 20. Bd3 Qb4+ 21. Kf2 g6 22. Rh3
Ke7 23. Bxa6 Rxa6 24. Rhc3 Rc8 25. R1c2 a4 26. Qc1 axb3 27. Rxb3 Qa5 28. Nc3 c4
29. Rb5 Qa3 30. Qd2 Rcc6 31. f5 gxf5 32. Qg5+ Ke8 33. Qg8+ Qf8 34. Qg5 Rcb6 35.
a4 Qa3 36. Rxb6 Rxb6 37. Nb5 Rxb5 38. axb5 Qb3 39. Qc1 f6 40. Rb2 Qd3 41. Rd2
Qb3 42. Qd1 Qxd1 43. Rxd1 fxe5 44. dxe5 Nxe5 45. Ke3 Ng4+ 46. Kd4 Kd7 47. Ra1
Kc7 48. Kc5 c3 49. b6+ Kb8 50. Rc1 Nf2 51. Kc6 d4 52. Ra1 Nd3 53. b7 Nb4+ 54.
Kb6 Nd5+ 55. Kc6 Nb4+ 56. Kb6 Nd5+ 1/2-1/2

[Event "FIDE World Rapid Team"]
[Site "London ENG"]
[Date "2025.06.12"]
[Round "8.1"]
[White "Bjerre, Jonas Buhl"]
[Black "Kozak, Adam"]
[Result "1/2-1/2"]
[WhiteTitle "GM"]
[BlackTitle "GM"]
[WhiteElo "2651"]
[BlackElo "2587"]
[WhiteTeam "¡Ållez-Y Initiative!"]
[BlackTeam "Team Hungary"]
[WhiteFideId "1444948"]
[BlackFideId "753246"]
[EventDate "2025.06.11"]
[EventType "team"]

1. e4 c5 2. Nf3 d6 3. d4 cxd4 4. Nxd4 Nf6 5. Nc3 Nc6 6. Bg5 Bd7 7. Qd2 Rc8 8.
O-O-O Nxd4 9. Qxd4 Qa5 10. Bxf6 gxf6 11. Kb1 h5 12. f4 Qc5 13. Qd2 f5 14. exf5
Bxf5 15. Bb5+ Kd8 16. Bd3 Bd7 17. Ne4 Qb6 18. c4 Bg7 19. c5 Rxc5 20. Nxc5 Qxc5
21. Be4 Bc6 22. Bxc6 bxc6 23. Rc1 Qb5 24. Rc2 Kd7 25. Re1 Rb8 26. Qe3 Bf6 27.
Qxa7+ Rb7 28. Qf2 Qd3 29. Kc1 Qd5 30. b3 Qa5 31. Re4 Qa3+ 32. Kd1 Qa6 33. Qf3 d5
34. Ra4 Qb6 35. Ke2 Qg1 36. Ra6 Rb4 37. Rc4 Rb6 38. Rxb6 Qxb6 39. Rc2 Qa6+ 40.
Qd3 Qb6 41. Qf5+ Kd8 42. Qxh5 Qb5+ 43. Ke1 Qb4+ 44. Kd1 Qd4+ 45. Rd2 Qxf4 46. g3
Qe4 47. Qh6 Qb1+ 48. Ke2 Qe4+ 49. Qe3 Qh1 50. Kd3 Kd7 51. Qa7+ Kd6 52. Qb8+ Kd7
53. Qb7+ Kd6 54. Qb4+ Kd7 55. Kc2 Qa1 56. Qb7+ Kd6 57. Qb8+ Kd7 58. Qa7+ Kd6 59.
Qa3+ Kd7 60. Qa7+ Kd6 61. Qb8+ Kd7 62. Qb7+ Kd6 63. Qb4+ Kd7 64. Qb7+ 1/2-1/2

[Event "FIDE World Rapid Team"]
[Site "London ENG"]
[Date "2025.06.12"]
[Round "8.2"]
[White "Kantor, Gergely"]
[Black "Jacobsen, Mikkel Manosri"]
[Result "1-0"]
[WhiteTitle "GM"]
[BlackTitle "FM"]
[WhiteElo "2584"]
[BlackElo "2223"]
[WhiteTeam "Team Hungary"]
[BlackTeam "¡Ållez-Y Initiative!"]
[WhiteFideId "751499"]
[BlackFideId "1444514"]
[EventDate "2025.06.11"]
[EventType "team"]

1. Nf3 d5 2. e3 Nf6 3. c4 e6 4. b3 b6 5. Bb2 Bb7 6. Nc3 a6 7. Rc1 Bd6 8. cxd5
exd5 9. Ne2 O-O 10. g3 Re8 11. Bg2 Nbd7 12. O-O b5 13. d4 a5 14. Nf4 b4 15. Re1
Ne4 16. Nd3 Ba6 17. Nfe5 Nxe5 18. dxe5 Bf8 19. Nf4 Bb7 20. Bxe4 dxe4 21. Qxd8
Raxd8 22. Rxc7 Rd2 23. Bc1 Rxa2 24. Rxb7 Rc8 25. Rd7 Rcc2 26. Rf1 a4 27. bxa4 b3
28. Rb7 Ra1 29. Rxb3 Rcxc1 30. Rxc1 Rxc1+ 31. Kg2 Ra1 32. e6 Rxa4 33. Rb8 Ra7
34. Re8 g5 35. Nd5 fxe6 36. Rxe6 Kf7 37. Rxe4 Bg7 38. Rc4 Be5 39. f4 gxf4 40.
exf4 Bd6 41. Kf3 h5 42. Ke4 Ra2 43. Rc6 Ke6 44. Nc3 Ra5 45. Rb6 Kd7 46. Rb7+ Kc6
47. Rh7 Bb4 48. Rh6+ Bd6 49. Ne2 Kd7 50. Nd4 Bf8 51. Rh7+ Kd6 52. Nf5+ Ke6 53.
Rxh5 Kf6 54. Rh8 Ra4+ 55. Kf3 Bc5 56. Rh6+ Kf7 57. Kg4 Ra2 58. h4 Ra3 59. Rc6
Bf8 60. h5 Ra5 61. h6 Kg8 62. Kg5 Bxh6+ 63. Rxh6 1-0

[Event "FIDE World Rapid Team"]
[Site "London ENG"]
[Date "2025.06.12"]
[Round "8.3"]
[White "Muetsch, Annmarie"]
[Black "Erdos, Viktor"]
[Result "0-1"]
[WhiteTitle "WIM"]
[BlackTitle "GM"]
[WhiteElo "2271"]
[BlackElo "2545"]
[WhiteTeam "¡Ållez-Y Initiative!"]
[BlackTeam "Team Hungary"]
[WhiteFideId "12971367"]
[BlackFideId "719978"]
[EventDate "2025.06.11"]
[EventType "team"]

1. e4 e5 2. Nf3 Nc6 3. Bc4 Nf6 4. d3 Be7 5. c3 O-O 6. Bb3 d5 7. exd5 Nxd5 8. h3
Bf5 9. O-O Nb6 10. Bc2 Qd6 11. Qe2 Rad8 12. Rd1 Rfe8 13. Kh1 Qg6 14. a4 a5 15.
Na3 Bxa3 16. Rxa3 e4 17. dxe4 Rxd1+ 18. Qxd1 Bxe4 19. Bxe4 Qxe4 20. Ra1 Rd8 21.
Qf1 Nxa4 22. Bg5 f6 23. Qb5 Nb6 24. Be3 Qd5 25. Qe2 Qc4 26. Qc2 Nd5 27. Qf5 Nxe3
28. fxe3 Qd5 29. Qg4 Ne5 30. Nxe5 Qxe5 31. Qc4+ Kh8 32. e4 h6 33. Rf1 Rd2 34. b4
b5 35. Qc6 a4 36. c4 bxc4 37. Qxc4 a3 38. Qc1 Rb2 0-1

[Event "FIDE World Rapid Team"]
[Site "London ENG"]
[Date "2025.06.12"]
[Round "8.4"]
[White "Ruck, Robert"]
[Black "Loftgaard, Mikkel Vinh"]
[Result "1-0"]
[WhiteTitle "GM"]
[BlackTitle "FM"]
[WhiteElo "2515"]
[BlackElo "2243"]
[WhiteTeam "Team Hungary"]
[BlackTeam "¡Ållez-Y Initiative!"]
[WhiteFideId "705713"]
[BlackFideId "1468480"]
[EventDate "2025.06.11"]
[EventType "team"]

1. Nf3 e6 2. c4 Nf6 3. Nc3 b6 4. g3 Bb7 5. Bg2 d5 6. cxd5 exd5 7. d4 Be7 8. O-O
O-O 9. Bf4 a6 10. Rc1 Nbd7 11. Ne5 Rc8 12. Bh3 Ra8 13. Bg2 Bd6 14. Qb3 Bxe5 15.
dxe5 Nc5 16. Qc2 Nfe4 17. Nxe4 dxe4 18. Be3 Ne6 19. Bxe4 Bxe4 20. Qxe4 Qe7 21.
f4 f5 22. exf6 Qxf6 23. f5 Nc5 24. Qc4+ Kh8 25. b4 Qe7 26. Bd4 Ne4 27. Qxc7 Qg5
28. Qf4 Rac8 29. Rxc8 Rxc8 30. Qxe4 1-0

[Event "FIDE World Rapid Team"]
[Site "London ENG"]
[Date "2025.06.12"]
[Round "8.5"]
[White "Jalving, August"]
[Black "Gaal, Zsoka"]
[Result "0-1"]
[WhiteTitle "CM"]
[BlackTitle "WGM"]
[WhiteElo "2306"]
[BlackElo "2391"]
[WhiteTeam "¡Ållez-Y Initiative!"]
[BlackTeam "Team Hungary"]
[WhiteFideId "1471759"]
[BlackFideId "777765"]
[EventDate "2025.06.11"]
[EventType "team"]

1. e4 c6 2. Nf3 d5 3. Nc3 Bg4 4. h3 Bxf3 5. Qxf3 Nf6 6. Be2 e6 7. O-O Be7 8. Rd1
O-O 9. d4 dxe4 10. Nxe4 Nxe4 11. Qxe4 Nd7 12. Bf4 a5 13. c4 a4 14. Qc2 Qa5 15.
Bd2 Qc7 16. Bc3 Bf6 17. b3 axb3 18. axb3 Rfd8 19. Qb2 Nf8 20. Rxa8 Rxa8 21. Ra1
Rd8 22. c5 Qf4 23. Ra4 Qg5 24. Rb4 Ng6 25. Rxb7 Nf4 26. Bf3 Nxh3+ 27. Kf1 Nf4
28. g3 Nd5 29. Bxd5 Qxd5 30. Kg1 h5 31. Qd2 Ra8 32. Rb4 h4 33. gxh4 Bxh4 34. Qf4
Bg5 35. Rb8+ Rxb8 36. Qxb8+ Kh7 37. b4 Qe4 38. Qh2+ Bh6 39. Qg2 Qb1+ 40. Qf1 Qc2
41. Be1 Qe4 42. Bc3 Qf3 43. Be1 Bf4 44. Qg2 Qd5 45. Qxd5 exd5 46. Kg2 Kg6 47.
Kf3 Kf5 48. Ke2 g5 49. f3 f6 50. Bf2 Bc7 51. Kf1 Ke6 52. Kg2 Bf4 53. Kf1 f5 54.
Ke2 Bc7 55. Be3 f4 56. Bg1 Kf5 57. Kf2 Bd8 58. Ke2 g4 59. fxg4+ Kxg4 60. Bh2 Bf6
61. Bg1 Kg3 62. Bf2+ Kg2 63. b5 f3+ 64. Ke1 cxb5 65. c6 Bd8 66. Bh4 Bxh4+ 0-1

[Event "FIDE World Rapid Team"]
[Site "London ENG"]
[Date "2025.06.12"]
[Round "8.6"]
[White "Marton-John, Almos Kiran"]
[Black "McCallum, Elliot"]
[Result "1-0"]
[WhiteElo "1987"]
[BlackElo "1924"]
[WhiteTeam "Team Hungary"]
[BlackTeam "¡Ållez-Y Initiative!"]
[WhiteFideId "17013135"]
[BlackFideId "2645718"]
[EventDate "2025.06.11"]
[EventType "team"]

1. e4 c5 2. Nf3 Nc6 3. d4 cxd4 4. Nxd4 Nf6 5. Nc3 e5 6. Ndb5 d6 7. Bg5 a6 8. Na3
b5 9. Nd5 Be7 10. Bxf6 Bxf6 11. c4 b4 12. Nc2 O-O 13. g3 Be6 14. Nde3 Bg5 15. b3
a5 16. Bg2 a4 17. O-O Qb6 18. Nd5 Bxd5 19. Qxd5 Rfd8 20. Qb5 Qxb5 21. cxb5 axb3
22. axb3 Na5 23. Nxb4 Nxb3 24. Rxa8 Rxa8 25. f4 exf4 26. gxf4 Bh4 27. Nc6 Nd2
28. Rd1 Nc4 29. Rc1 Nb6 30. e5 dxe5 31. Ne7+ Bxe7 32. Bxa8 exf4 33. Rc6 g5 34.
Kf1 Bd8 35. Bb7 Kg7 36. Bc8 Na4 37. Bf5 Nb6 38. Kf2 Bf6 39. Kf3 Bd4 40. Ke4 Be3
41. Bg4 h6 42. Bh5 Nd7 43. Kf5 Nb6 44. Rc7 Nd5 45. Rxf7+ Kg8 46. Kg6 f3 47. Rxf3
Nf4+ 48. Kxh6 Bb6 49. Kxg5 Ne6+ 50. Kf6 Nd4 51. Rg3+ Kh7 52. Be8 Bd8+ 53. Kf7
Kh6 54. Rg6+ Kh7 55. Rd6 1-0

[Event "FIDE World Rapid Team"]
[Site "London ENG"]
[Date "2025.06.12"]
[Round "8.1"]
[White "Pichot, Alan"]
[Black "Martinez Alcantara, Jose Eduardo"]
[Result "1/2-1/2"]
[WhiteTitle "GM"]
[BlackTitle "GM"]
[WhiteElo "2588"]
[BlackElo "2611"]
[WhiteTeam "Duobeniajan Costa Calida ESJ"]
[BlackTeam "Theme International Trading"]
[WhiteFideId "110973"]
[BlackFideId "3805662"]
[EventDate "2025.06.11"]
[EventType "team"]

1. e4 e5 2. Nf3 Nc6 3. Bb5 Nf6 4. d3 d6 5. O-O Bd7 6. c3 g6 7. Re1 Bg7 8. Nbd2
O-O 9. Nf1 Re8 10. Ng3 Na5 11. Bxd7 Qxd7 12. d4 Nc6 13. h3 h6 14. dxe5 dxe5 15.
Qe2 Qe6 16. Be3 Red8 17. Nd2 Ne8 18. Qc4 Qxc4 19. Nxc4 Nd6 20. Nxd6 Rxd6 21. Kf1
Rad8 22. Ke2 Bf8 23. b4 f6 24. Red1 Kf7 25. Nf1 a6 26. g4 Rxd1 27. Rxd1 Rxd1 28.
Kxd1 Nd8 29. Nd2 Ke6 30. Kc2 b6 31. Kd3 Nb7 32. f4 exf4 33. Bxf4 c5 34. a3 cxb4
35. cxb4 a5 36. Kc4 axb4 37. axb4 Nd6+ 38. Bxd6 Bxd6 39. Kb5 f5 40. exf5+ gxf5
41. gxf5+ Kxf5 42. Nc4 Bxb4 43. Kxb4 Kf4 44. Nd6 Kg3 45. h4 Kxh4 46. Nf5+ Kg5
47. Nxh6 b5 48. Kxb5 1/2-1/2

[Event "FIDE World Rapid Team"]
[Site "London ENG"]
[Date "2025.06.12"]
[Round "8.2"]
[White "Jumabayev, Rinat"]
[Black "Ibarra Jerez, Jose Carlos"]
[Result "1-0"]
[WhiteTitle "GM"]
[BlackTitle "GM"]
[WhiteElo "2546"]
[BlackElo "2545"]
[WhiteTeam "Theme International Trading"]
[BlackTeam "Duobeniajan Costa Calida ESJ"]
[WhiteFideId "13702661"]
[BlackFideId "2226332"]
[EventDate "2025.06.11"]
[EventType "team"]

1. d4 g6 2. e4 Bg7 3. Nc3 d6 4. Be3 Nf6 5. Qd2 Ng4 6. Bg5 h6 7. Bh4 c6 8. h3 Nf6
9. f4 b5 10. a3 a6 11. Nf3 d5 12. e5 Ne4 13. Qe3 Nxc3 14. Qxc3 Qb6 15. Bd3 e6
16. b4 a5 17. Ke2 Na6 18. Qd2 Bf8 19. Bf6 Rg8 20. c3 Nb8 21. g4 Nd7 22. Bh4 Qc7
23. Rhg1 Nb6 24. Kf2 Ra6 25. f5 g5 26. Bg3 Qa7 27. Rac1 Nc4 28. Bxc4 bxc4 29. f6
axb4 30. axb4 Ra2 31. Rc2 Ra3 32. Kg2 Kd8 33. Rb1 Kc7 34. Rbb2 Ba6 35. Ra2 Rxa2
36. Rxa2 Qb6 37. Ra5 Kb7 38. Qa2 Rg6 39. Bf2 Rg8 40. Be3 Rg6 41. Kf2 Rg8 42. Nd2
Rg6 43. Ne4 h5 44. Nc5+ Bxc5 45. bxc5 Qa7 46. gxh5 Rh6 47. Qe2 Kc7 48. Bxg5 Rh8
49. h6 Qb7 50. Qa2 Ra8 51. h7 Qc8 52. Kg3 Bb7 53. Rxa8 Bxa8 54. Qa5+ Kb8 55. Bh6
Qh8 56. Qb6+ Bb7 57. Qb1 1-0

[Event "FIDE World Rapid Team"]
[Site "London ENG"]
[Date "2025.06.12"]
[Round "8.3"]
[White "Cuenca Jimenez, Jose Fernando"]
[Black "Tin, Jingyao"]
[Result "1-0"]
[WhiteTitle "GM"]
[BlackTitle "GM"]
[WhiteElo "2487"]
[BlackElo "2583"]
[WhiteTeam "Duobeniajan Costa Calida ESJ"]
[BlackTeam "Theme International Trading"]
[WhiteFideId "2255570"]
[BlackFideId "5804418"]
[EventDate "2025.06.11"]
[EventType "team"]

1. d4 d5 2. Bf4 c5 3. e3 cxd4 4. exd4 Nc6 5. Nf3 Bf5 6. c4 e6 7. c5 Nge7 8. Nc3
Ng6 9. Be3 Be7 10. Bb5 O-O 11. O-O Rc8 12. h3 b6 13. Bxc6 Rxc6 14. b4 Rc8 15.
Qd2 h5 16. Rac1 Qd7 17. Rfd1 Rfd8 18. Qe2 h4 19. Bg5 bxc5 20. Bxe7 Qxe7 21. dxc5
Nf4 22. Qe3 g5 23. Nxh4 Bh7 24. Nf3 f6 25. h4 e5 26. hxg5 Qg7 27. Ne2 Ng6 28.
gxf6 Qxf6 29. Qg5 Qg7 30. Ng3 Rf8 31. Rxd5 Rce8 32. Nh5 Qf7 33. Rd6 Kh8 34. Rf6
Qg8 35. Rxf8 Rxf8 36. Nxe5 1-0